Taylor Swift 69 - Statistics

General Stats
  • This quiz has been taken 17 times
  • The average score is 409 of 488
Answer Stats
Answer % Correct
a
100%
all
100%
an
100%
and
100%
I
100%
in
100%
is
100%
it
100%
me
100%
say
100%
the
100%
think
100%
what
100%
where
100%
who
100%
you
100%
about
93%
are
93%
at
93%
but
93%
could
93%
did
93%
do
93%
from
93%
go
93%
had
93%
he
93%
never
93%
no
93%
not
93%
now
93%
on
93%
saw
93%
to
93%
was
93%
when
93%
your
93%
you're
93%
better
87%
can
87%
corner
87%
have
87%
him
87%
I'm
87%
know
87%
like
87%
other
87%
right
87%
she
87%
she's
87%
so
87%
stand
87%
than
87%
that
87%
there
87%
took
87%
wanted
87%
wear
87%
with
87%
along
80%
'cause
80%
coming
80%
don't
80%
faster
80%
gonna
80%
got
80%
hear
80%
her
80%
it's
80%
just
80%
nothing
80%
of
80%
oh
80%
over
80%
people
80%
revenge
80%
sabotage
80%
should
80%
summer
80%
they
80%
thing
80%
things
80%
toys
80%
up
80%
actress
73%
alone
73%
flame
73%
for
73%
friends
73%
get
73%
holding
73%
hot
73%
keep
73%
looks
73%
make
73%
matches
73%
mind
73%
moth
73%
or
73%
people's
73%
playground
73%
starts
73%
stealing
73%
story
73%
whoa
73%
wouldn't
73%
applause
67%
dealing
67%
didn't
67%
drum
67%
feel
67%
find
67%
gives
67%
how
67%
let's
67%
list
67%
many
67%
saint
67%
soon
67%
trend
67%
underestimated
67%
wanna
67%
won't
67%
always
60%
amount
60%
beating
60%
came
60%
dignity
60%
doing
60%
down
60%
dresses
60%
honey
60%
isn't
60%
little
60%
might
60%
name
60%
pain
60%
suspected
60%
thinks
60%
vintage
60%
eyes
53%
haven't
53%
life
53%
much
53%
party
53%
rhyme
53%
school
53%
still
53%
teach
53%
time
53%
troubling
53%
another
47%
come
47%
frown
47%
heard
47%
last
47%
prep
47%
psycho
47%
roll
47%
some
47%
sophistication
47%
word
47%
ever-present
40%
pushing
40%
show
33%
deserve
27%
No matching quizzes found
Score Distribution
Percent of People with Each Score
Percentile by Number Answered
Your Score History
You have not taken this quiz